000 02135nam a2200241 a 4500
001 000020927
003 DO-SdBNP
005 20250307115016.0
007 ta
008 100824s1982 dr ac 001 0 spa d
040 _aDO-SdBNP
_bspa
_cBNPHU
082 4 _a338.97203
_bP769e
_222
245 0 3 _aLa política económica en la República Dominicana
260 _aSanto Domingo :
_bANJE,
_c1982.
300 _a323 p. :
_bil., retrs ;
_c21 cm.
505 0 _aPrimera parte Seminario Anje 1979 -- Discurso de orden por el director del seminario / Guillermo Roig -- Jacobo Majluta/ El estado como empresario -- Eduardo Fernández P. / Aportes del Banco Central al desarrollo empresarial dominicano -- Fernando a. Silié Gatón / Política fiscal como incentivo del desarrollo -- Marino ginebra / Los jóvenes empresario ante el papel del estado en la económia mixta -- Seminario Anje 1980 -- Frank Moya Pons / El impacto de la industrialización en la sociedad dominicana en la siglo xx : historia y perpectivas -- Tomás A. Pastoriza / Fuentes de Financiamiento del desarrollo industrial en la República Dominicana -- José Luis Alemán / Ley de incentivo industrial. Análisis y comentarios -- Jorge Abbott / Los Jovenes Empresarios y el desarrollo industrial en la República Dominicana -- Seminario Anje 1981 / Por un aumento de la producción nacional -- Mario Cabrera / El sector empresarial y la producción -- Manuel José Cabral /Marco económico de la producción: pasado, presente y futuro -- Frank A. Tejada / La producción y su financiamiento -- Bernardo Vega / Política económica y tributaria y su efecto sobre la producción -- José Manuel Trullols / Aumento en la producción : reto al desarrollo económico dominicano -- Palabras de clausura del seminario por el señor Frederich Bergés
590 _aInventariado, 2022/BT
651 4 _aRepública Dominicana
_xPolítica económica
_9643
651 4 _aRepública Dominicana
_xCondiciones económicas
_9281
710 2 _aAsociación Nacional de Jóvenes Empresarios (República Dominicana)
_918693
910 _aValidado. Control de calidad MFF
942 _2ddc
_cLBS1
999 _c20430
_d20430